[Event "AUTO-ADV-679"]
[Site "http://www.queenalice.com/game.php?id=367251"]
[Date "2008.3.7"]
[Round "2"]
[White "themofro"]
[Black "kromata"]
[Result "1-0"]
[WhiteElo "2152"]
[BlackElo "1947"]

1. d4 Nf6 2. c4 g6 3. Nc3 Bg7 4. e4 d6 5. f3 Nbd7 6. Be3 O-O 7. Bd3 c5 8. Nge2
cxd4 9. Bxd4 Nc5 10. O-O Nxd3 11. Qxd3 Be6 12. Nd5 Bxd5 13. cxd5 a6 14. Rac1 Qd7
15. Rc3 Rfc8 16. Rfc1 Ne8 17. Bxg7 Nxg7 18. a3 h6 19. Qd2 Kh7 20. Qf4 f6 21. Nd4
Rxc3 22. Rxc3 Rc8 23. Qc1 Rxc3 24. Qxc3 e5 25. dxe6 Qe7 26. Qc8 h5 27. Qd7 1-0

[Event "AUTO-ADV-679"]
[Site "http://www.queenalice.com/game.php?id=367252"]
[Date "2008.3.7"]
[Round "2"]
[White "kromata"]
[Black "Artking"]
[Result "0-1"]
[WhiteElo "1938"]
[BlackElo "1938"]

1. c4 Nf6 2. Nc3 g6 3. d4 Bg7 4. e4 d6 5. Nf3 O-O 6. Be2 Nc6 7. d5 Nb8 8. O-O
Nbd7 9. Re1 a6 10. Bf1 Qe8 11. Rb1 e5 12. Bg5 Nh5 13. Nh4 f5 0-1

[Event "AUTO-ADV-679"]
[Site "http://www.queenalice.com/game.php?id=367253"]
[Date "2008.3.7"]
[Round "2"]
[White "Artking"]
[Black "kromata"]
[Result "1-0"]
[WhiteElo "1831"]
[BlackElo "1959"]

1. e4 c5 2. Nf3 d6 3. d4 cxd4 4. Nxd4 Nf6 5. Nc3 a6 6. Be3 Qc7 7. Qd2 e6 8.
O-O-O Nc6 9. f3 e5 10. Nb3 Be6 11. Nd5 Bxd5 12. exd5 Ne7 13. Kb1 Nexd5 14. Bg5
h6 15. Bh4 g5 16. Bf2 Nb6 17. Bd3 O-O-O 18. Bf5+ Kb8 19. Na5 Nc4 20. Nxc4 Nd7
21. Qd5 Nf6 22. Qd3 Nd7 23. Qe3 Qxc4 24. Qa7+ Kc7 25. Bxd7 Rxd7 26. Rd3 Kd8 27.
Rc3 Qd5 28. h4 f6 29. hxg5 hxg5 30. Rc1 Bg7 31. Qb6+ Ke7 32. Rc7 1-0

[Event "AUTO-ADV-713"]
[Site "http://www.queenalice.com/game.php?id=406660"]
[Date "2008.5.22"]
[Round "2"]
[White "darkjedi"]
[Black "kromata"]
[Result "0-1"]
[WhiteElo "1606"]
[BlackElo "1953"]

1. d4 Nf6 2. c4 g6 3. g3 Bg7 4. Bg2 d6 5. Nc3 Nbd7 6. e4 c5 7. Nf3 cxd4 8. Nxd4
Ne5 9. b3 Qa5 10. Bb2 Bd7 11. O-O O-O 12. Nd5 e6 13. Nxf6+ Bxf6 14. Qc2 Bg7 15.
Bc3 Qb6 16. Rad1 Rac8 17. h3 Qd8 18. Nf3 Qc7 19. Nxe5 dxe5 0-1

[Event "AUTO-ADV-713"]
[Site "http://www.queenalice.com/game.php?id=406661"]
[Date "2008.5.22"]
[Round "2"]
[White "kromata"]
[Black "darkjedi"]
[Result "1-0"]
[WhiteElo "1970"]
[BlackElo "1604"]

1. d4 Nf6 2. c4 g6 3. Nc3 d5 4. cxd5 Nxd5 5. e4 Nxc3 6. bxc3 Bg7 7. Bc4 c5 8.
Ne2 cxd4 9. cxd4 O-O 10. O-O Qc7 11. Bb3 Bd7 12. Bb2 Nc6 13. Rc1 Qb6 14. Qd2
Rac8 15. Kh1 Na5 16. Qe3 Nxb3 17. axb3 Bb5 18. Rce1 Rfd8 19. e5 e6 20. Rg1 Rc2
21. Ba1 1-0

[Event "AUTO-ADV-713"]
[Site "http://www.queenalice.com/game.php?id=406666"]
[Date "2008.5.22"]
[Round "2"]
[White "K19"]
[Black "kromata"]
[Result "1-0"]
[WhiteElo "2219"]
[BlackElo "1924"]

1. e4 c5 2. Nf3 d6 3. d4 cxd4 4. Nxd4 Nf6 5. Nc3 a6 6. Bg5 e6 7. f4 Be7 8. Qf3
Qc7 9. O-O-O Nc6 10. Nxc6 bxc6 11. e5 Nd5 12. Bxe7 Qxe7 13. Ne4 dxe5 14. fxe5
O-O 15. c4 Nb6 16. Bd3 Rb8 17. Nf6+ 1-0

[Event "AUTO-ADV-713"]
[Site "http://www.queenalice.com/game.php?id=406667"]
[Date "2008.5.22"]
[Round "2"]
[White "kromata"]
[Black "K19"]
[Result "0-1"]
[WhiteElo "1929"]
[BlackElo "2216"]

1. d4 Nf6 2. c4 g6 3. Nc3 Bg7 4. e4 d6 5. Nf3 O-O 6. Be2 e5 7. dxe5 dxe5 8. Qxd8
Rxd8 9. Bg5 Be6 10. O-O Nbd7 11. Rfd1 h6 12. Bh4 Nc5 13. Bg3 Nfxe4 14. Nxe4 Nxe4
15. Bxe5 Bxe5 16. Nxe5 a5 17. Nf3 a4 18. Nd4 a3 0-1

[Event "AUTO-ADV-627"]
[Site "http://www.queenalice.com/game.php?id=407574"]
[Date "2008.5.24"]
[Round "2"]
[White "zhiii00"]
[Black "kromata"]
[Result "1/2-1/2"]
[WhiteElo "1986"]
[BlackElo "1986"]

1. e4 c5 2. Nf3 d6 3. d4 cxd4 4. Nxd4 Nf6 5. Nc3 a6 6. f3 e6 7. Be3 Be7 8. Qd2
Bd7 9. Bc4 Qc7 10. Bb3 Nc6 11. O-O-O Na5 12. g4 Nc4 13. Qd3 Nxe3 14. Qxe3 O-O-O
15. Rd3 Kb8 16. Rhd1 Rhe8 17. Kb1 Bf8 18. Nce2 g6 19. Nc3 Ka8 20. R1d2 e5 21.
Nde2 Be6 22. Bxe6 1/2-1/2

[Event "AUTO-ADV-627"]
[Site "http://www.queenalice.com/game.php?id=407575"]
[Date "2008.5.24"]
[Round "2"]
[White "kromata"]
[Black "zhiii00"]
[Result "1/2-1/2"]
[WhiteElo "1986"]
[BlackElo "1986"]

1. d4 d5 2. c4 c6 3. Nf3 Nf6 4. Nc3 e6 5. cxd5 exd5 6. Bg5 Be7 7. e3 Bg4 8. Be2
O-O 9. Qb3 Qc8 10. h3 Bh5 11. Ne5 Bxe2 12. Nxe2 Nbd7 13. Bh4 Re8 14. Nxd7 Qxd7
15. O-O h6 16. Rac1 Rec8 17. Nc3 Ne8 18. Bg3 Nd6 19. Qd1 Nf5 20. Be5 Bd6 21.
Bxd6 Nxd6 22. Qf3 Re8 23. Qg3 1/2-1/2

[Event "AUTO-ADV-731"]
[Site "http://www.queenalice.com/game.php?id=434427"]
[Date "2008.7.17"]
[Round "2"]
[White "kromata"]
[Black "dwright"]
[Result "0-1"]
[WhiteElo "1971"]
[BlackElo "2067"]

1. c4 c5 2. g3 Nf6 3. Bg2 g6 4. Nc3 Bg7 5. d3 O-O 6. Bg5 Nc6 7. Nf3 h6 8. Bd2 d6
9. O-O e6 10. Rc1 Rb8 11. a3 b6 12. e3 Bb7 13. Qe2 Na5 14. Qd1 Ng4 15. h3 Ne5
16. Nxe5 Bxg2 17. Kxg2 Bxe5 18. f4 Bg7 19. Rb1 Nc6 20. Qf3 Ne7 21. Ne2 d5 22.
Bc3 Bxc3 23. Nxc3 d4 24. exd4 Qxd4 25. Qe4 Qd7 26. g4 Rbd8 27. Rbd1 Nc6 28. Ne2
Rfe8 29. Rf3 f5 30. gxf5 exf5 0-1

[Event "AUTO-ADV-731"]
[Site "http://www.queenalice.com/game.php?id=434428"]
[Date "2008.7.17"]
[Round "2"]
[White "dwright"]
[Black "kromata"]
[Result "1-0"]
[WhiteElo "2022"]
[BlackElo "1986"]

1. d4 d5 2. c4 c6 3. Nc3 dxc4 4. e4 b5 5. a4 b4 6. Na2 a5 7. Bxc4 e6 8. Nf3 Be7
9. O-O Ba6 10. Bxa6 Nxa6 11. e5 Nc7 12. Qc2 Qd7 13. Be3 Nd5 14. Bd2 Bf8 15. Nc1
Rc8 16. Nd3 Qa7 17. Rac1 Nge7 18. Nc5 Nb6 19. Rfd1 Ned5 20. Ng5 Qe7 21. Nge4 Qc7
22. Qd3 Be7 23. Qg3 Kf8 24. f4 h6 25. Rf1 g6 26. Nxe6+ fxe6 27. Qxg6 Rg8 28.
Qxh6+ Ke8 29. Qxe6 Qd7 30. Qxg8+ 1-0

[Event "AUTO-ADV-1721"]
[Site "http://www.queenalice.com/game.php?id=758211"]
[Date "2010.4.8"]
[Round "1"]
[White "KingHermano"]
[Black "kromata"]
[Result "1-0"]
[WhiteElo "1913"]
[BlackElo "1879"]

1. e4 c5 2. Nf3 d6 3. h3 Nc6 4. Bb5 Bd7 5. Nc3 a6 6. Bxc6 Bxc6 7. d4 cxd4 8.
Nxd4 Bd7 9. Qf3 e6 10. O-O Qf6 11. Qxf6 gxf6 12. f4 Ne7 13. f5 e5 14. Nde2 h5
15. a4 O-O-O 16. b4 1-0

[Event "AUTO-ADV-1721"]
[Site "http://www.queenalice.com/game.php?id=758212"]
[Date "2010.4.8"]
[Round "1"]
[White "kromata"]
[Black "KingHermano"]
[Result "0-1"]
[WhiteElo "1895"]
[BlackElo "1897"]

1. c4 e5 2. Nc3 Nc6 3. g3 Bc5 4. Ne4 Qe7 5. a3 Nf6 6. Nxc5 Qxc5 7. e3 d5 8. b4
Qd6 9. c5 Qe7 10. Qc2 a6 11. Bg2 e4 12. h3 O-O 13. Ne2 Qd7 14. Bb2 Ne8 15. Qb3
b6 0-1

[Event "AUTO-ADV-1721"]
[Site "http://www.queenalice.com/game.php?id=758223"]
[Date "2010.4.8"]
[Round "1"]
[White "callmitnick"]
[Black "kromata"]
[Result "0-1"]
[WhiteElo "1488"]
[BlackElo "1891"]

1. d4 Nf6 2. Nf3 d6 3. e3 g6 4. Nc3 Bg7 5. Bd3 Nbd7 6. Bd2 O-O 7. O-O c5 8. dxc5
Nxc5 9. Be2 a6 10. Re1 Qc7 11. a3 Bd7 12. h3 Rac8 0-1

[Event "AUTO-ADV-1721"]
[Site "http://www.queenalice.com/game.php?id=758224"]
[Date "2010.4.8"]
[Round "1"]
[White "kromata"]
[Black "callmitnick"]
[Result "1-0"]
[WhiteElo "1893"]
[BlackElo "1486"]

1. c4 c5 2. Nc3 d6 3. g3 Nc6 4. Bg2 Bd7 5. d3 Nf6 6. a3 e5 7. e3 Be7 8. Nge2 O-O
9. O-O h6 10. Qc2 Bg4 11. Rb1 Bxe2 12. Qxe2 a6 13. Bd2 1-0

[Event "AUTO-ADV-1721"]
[Site "http://www.queenalice.com/game.php?id=758230"]
[Date "2010.4.8"]
[Round "1"]
[White "kromata"]
[Black "marcosweck"]
[Result "0-1"]
[WhiteElo "1906"]
[BlackElo "1927"]

1. c4 Nf6 2. Nc3 g6 3. g3 Bg7 4. Bg2 d6 5. d3 O-O 6. e3 Nc6 7. a3 Bd7 8. Nge2
Rb8 9. O-O a6 10. Rb1 e6 0-1